MARC details
| 000 -CABECERA |
| campo de control de longitud fija |
02277nam a2200409 i 4500 |
| 001 - NÚMERO DE CONTROL |
| campo de control |
991061739553706706 |
| 003 - IDENTIFICADOR DEL NÚMERO DE CONTROL |
| campo de control |
ES-BaIT |
| 005 - FECHA Y HORA DE LA ÚLTIMA TRANSACCIÓN |
| campo de control |
20260423120534.0 |
| 008 - DATOS DE LONGITUD FIJA--INFORMACIÓN GENERAL |
| campo de control de longitud fija |
260408s2020 ja ao 000 0 eng c |
| 020 ## - NÚMERO INTERNACIONAL ESTÁNDAR DEL LIBRO |
| Número Internacional Estándar del Libro |
9784756252876 |
| 040 ## - FUENTE DE LA CATALOGACIÓN |
| Centro catalogador/agencia de origen |
ES-BaIT |
| Lengua de catalogación |
cat |
| Normas de descripción |
rda |
| Centro/agencia transcriptor |
ES-BaIT |
| 041 1# - CÓDIGO DE LENGUA |
| Código de lengua del texto/banda sonora o título independiente |
eng |
| -- |
jpn |
| 043 ## - CÓDIGO DE ÁREA GEOGRÁFICA |
| Código de área geográfica |
e-ru--- |
| 080 ## - NÚMERO DE LA CLASIFICACIÓN DECIMAL UNIVERSAL |
| Número de la Clasificación Decimal Universal |
792.82 |
| Subdivisión auxiliar común |
(470+571) |
| -- |
(091) |
| Identificador de la edición |
2004 |
| 080 ## - NÚMERO DE LA CLASIFICACIÓN DECIMAL UNIVERSAL |
| Número de la Clasificación Decimal Universal |
793.4.07Ballets russes |
| 100 1# - ENTRADA PRINCIPAL--NOMBRE DE PERSONA |
| Nombre de persona |
Unno, Hiroshi |
| Término indicativo de función/relación |
autor |
| 9 (RLIN) |
169287 |
| 245 14 - MENCIÓN DE TÍTULO |
| Título |
The Great "ballets russes" and modern art : |
| Resto del título |
a world of fascinating art and design in the theatrical arts / |
| Mención de responsabilidad, etc. |
Hiroshi Unno |
| 264 #1 - PRODUCCIÓN, PUBLICACIÓN, DISTRIBUCIÓN, FABRICACIÓN Y COPYRIGHT |
| Producción, publicación, distribución, fabricación y copyright |
Tokyo : |
| Nombre del de productor, editor, distribuidor, fabricante |
PIE International, |
| Fecha de producción, publicación, distribución, fabricación o copyright |
[2020] |
| 300 ## - DESCRIPCIÓN FÍSICA |
| Extensión |
462 pàgines : |
| Otras características físicas |
principalment il·lustracions en color ; |
| Dimensiones |
26 cm |
| 336 ## - TIPO DE CONTENIDO |
| Término de tipo de contenido |
text |
| Código de tipo de contenido |
txt |
| Fuente |
rdacontent |
| 336 ## - TIPO DE CONTENIDO |
| Término de tipo de contenido |
imatge fixa |
| Código de tipo de contenido |
sti |
| Fuente |
rdacontent |
| 337 ## - TIPO DE MEDIO |
| Nombre/término del tipo de medio |
sense mediació |
| Código del tipo de medio |
n |
| Fuente |
rdamedia |
| 338 ## - TIPO DE SOPORTE |
| Nombre/término del tipo de soporte |
volum |
| Código del tipo de soporte |
nc |
| Fuente |
rdacarrier |
| 520 ## - SUMARIO, ETC. |
| Sumario, etc. |
"This is the origin of modern art and fashion. A collection of fascinating art and design from the Ballets Russes.In the early 20th century, Ballets Russes, a Russian itinerant ballet company based in Paris and founded by a Russian impresario Sergei Diaghilev, created a worldwide sensation. They brought innovation to the performing arts industry not just with music and choreography but also with scenography and costumes designed by Picasso, Matisse and Chanel. They pioneered an integrated approach to the performing arts in pursuit of the “ideal work of art” and made a huge impact on modern art. Accompanied by rich commentary and focusing mainly on Ballets Russes, this book introduces various beautiful designs from the performing arts from the late 19th century to the early 20th century." -- Pàgina web editorial |
| 546 ## - NOTA DE LENGUA/LENGUAJE |
| Nota de lengua/lenguaje |
Text en anglès i japonès |
| 600 17 - PUNTO DE ACCESO ADICIONAL DE MATERIA--NOMBRE DE PERSONA |
| Nombre de persona |
Diaghilev, Serge, |
| Fechas asociadas al nombre |
1872-1929 |
| 9 (RLIN) |
16185 |
| 610 #0 - PUNTO DE ACCESO ADICIONAL DE MATERIA--NOMBRE DE ENTIDAD CORPORATIVA |
| Nombre de entidad corporativa o nombre de jurisdicción como elemento de entrada |
Ballets russes |
| Subdivisión general |
Història |
| 9 (RLIN) |
80997 |
| 610 #0 - PUNTO DE ACCESO ADICIONAL DE MATERIA--NOMBRE DE ENTIDAD CORPORATIVA |
| Nombre de entidad corporativa o nombre de jurisdicción como elemento de entrada |
Ballets russes |
| Subdivisión general |
Escenografia i escenificacions |
| 9 (RLIN) |
80843 |
| 610 #0 - PUNTO DE ACCESO ADICIONAL DE MATERIA--NOMBRE DE ENTIDAD CORPORATIVA |
| Nombre de entidad corporativa o nombre de jurisdicción como elemento de entrada |
Ballets russes |
| Subdivisión general |
Figurins |
| Subdivisión cronológica |
S. XX |
| 9 (RLIN) |
111699 |
| 650 #0 - PUNTO DE ACCESO ADICIONAL DE MATERIA--TÉRMINO DE MATERIA |
| Término de materia o nombre geográfico como elemento de entrada |
Companyies de dansa clàssica |
| Subdivisión geográfica |
Rússia |
| Subdivisión cronológica |
S. XX |
| 9 (RLIN) |
69164 |
| 650 #0 - PUNTO DE ACCESO ADICIONAL DE MATERIA--TÉRMINO DE MATERIA |
| Término de materia o nombre geográfico como elemento de entrada |
Empresaris teatrals |
| Subdivisión geográfica |
Rússia |
| Subdivisión cronológica |
S. XX |
| 9 (RLIN) |
71782 |
| 650 #0 - PUNTO DE ACCESO ADICIONAL DE MATERIA--TÉRMINO DE MATERIA |
| Término de materia o nombre geográfico como elemento de entrada |
Dansa clàssica en l'art |
| 9 (RLIN) |
80878 |
| 650 #4 - PUNTO DE ACCESO ADICIONAL DE MATERIA--TÉRMINO DE MATERIA |
| Término de materia o nombre geográfico como elemento de entrada |
Art i dansa |
| Fuente del encabezamiento o término |
lemac |
| 9 (RLIN) |
65700 |
| 908 ## - COLOCAR PARÁMETRO DE COMANDO (RLIN) |
| Colocar parámetro de comando |
CDMAE |
| 940 ## - EQUIVALENCIA O REFERENCIA-CRUZADA--TÍTULO UNIFORME [OBSOLETO] [solamente CAN/MARC] |
| Título uniforme |
<a href="CVA7">CVA7</a> |
| 942 ## - ELEMENTOS DE ENTRADA AGREGADA (KOHA) |
| Fuente del sistema de clasificación o colocación |
Clasificación decimal universal |
| Tipo de ítem Koha |
Llibre |